Entry Personal Name
Number of records used in: 3
001 - CONTROL NUMBER
003 - CONTROL NUMBER IDENTIFIER
005 - DATE AND TIME OF LATEST TRANSACTION
- control field:
20180628205837.0
008 - FIXED-LENGTH DATA ELEMENTS
- fixed length control field:
180628|| aca||aabn | a|a d
040 ## - CATALOGING SOURCE
- Original cataloging agency:
OSt
- Transcribing agency:
OSt
100 ## - HEADING--PERSONAL NAME
- Personal name:
VERMA, DR J.K.
670 ## - SOURCE DATA FOUND
- Source citation:
Work cat.: (OSt): VERMA, DR J.K., JHARKHAND LOCAL ACTS:with rules comments and case law (VOL-1), 2006